|
|
|
|
| LEADER |
01786cas a2200241 a 4500 |
| 001 |
AALejournalIMF001128 |
| 008 |
230101c9999 xx r poo 0 0eng d |
| 020 |
|
|
|c 5.00 USD
|
| 020 |
|
|
|z 9781451843118
|
| 022 |
|
|
|a 1018-5941
|
| 040 |
|
|
|a BD-DhAAL
|c BD-DhAAL
|
| 100 |
1 |
|
|a Ahluwalia, Pavan.
|
| 245 |
1 |
0 |
|a Discriminating Contagion :
|b An Alternative Explanation of Contagious Currency Crises in Emerging Markets /
|c Pavan Ahluwalia.
|
| 264 |
|
1 |
|a Washington, D.C. :
|b International Monetary Fund,
|c 2000.
|
| 300 |
|
|
|a 1 online resource (38 pages)
|
| 490 |
1 |
|
|a IMF Working Papers
|
| 500 |
|
|
|a <strong>Off-Campus Access:</strong> No User ID or Password Required
|
| 500 |
|
|
|a <strong>On-Campus Access:</strong> No User ID or Password Required
|
| 506 |
|
|
|a Electronic access restricted to authorized BRAC University faculty, staff and students
|
| 520 |
3 |
|
|a This paper shows that a country's vulnerability to contagious crises depends on the visible similarities between that country and other countries that are experiencing crises. A country is vulnerable to shifts in investor sentiment if it exhibits weaknesses in the same economic variables as other countries affected by a contagious crisis (particularly the country that started the contagious wave), or if it is located in the same region. The paper uses a sample of 19 emerging markets, and data from the Mexican, Asian, and Russian crises to provide evidence of this discriminating contagion, after controlling for alternative channels of contagion such as trade spillovers and financial linkages.
|
| 538 |
|
|
|a Mode of access: Internet
|
| 830 |
|
0 |
|a IMF Working Papers; Working Paper ;
|v No. 2000/014
|
| 856 |
4 |
0 |
|z Full text available on IMF
|u http://elibrary.imf.org/view/journals/001/2000/014/001.2000.issue-014-en.xml
|z IMF e-Library
|